000 00966nam a22002417a 4500
999 _c117652
_d117652
005 20181103144002.0
010 _aB-082722 B-210602
020 _c125.00
_a8173154422
035 _aB-082722 B-210602
037 _bCen Lib/Ret
082 _a920
_bपरमा
100 _aपरमानंद
245 _aहमारे राष्ट्र-पुरूष /
_cपरमानंद
246 _aHamare rashtr-purush /
_bby Parmanand
260 _aनई दिल्ली
_bप्रभात प्रकाशन
_c2003
270 _bनई दिल्ली
_a4/19, आसफ अली रोड
_e110002
300 _a127पृ. :
_c21सेमी(सजिल्द)
_bसचित्र
650 _aहिन्दी साहित्य
650 _aहिन्दी -- जीवनियाँ
650 _aHindi literature
650 _aHindi - Biographies
942 _2ddc
_cHN
_h920
_mपरमा